=LDR 00000nam 2200000 4500 =001 INLIS000000000007002 =005 20251119011927 =035 ##$$a 0010-1125000876 =007 ta =008 251119###########################0#ind## =082 ##$$a 361.250 =084 ##$$a 361.250 ABD l =100 #$$a Abdullah Syarwani =245 1#$$a LSM dan Strategi Penguatan Program Pembangunan Kependudukan /$c Badan Koordinasi Keluarga Berencana Nasional =260 ##$:$b Badan Koordinasi Keluarga Berencana Nasional =300 ##$$a 17 Hal : $b Ilus ; $c 21 =650 #4$$a Keluarga Berencana =856 ##$$a Perpustakaan Kemendukbangga